[Event "Kesarovski Georgiev Memorial 5th"]
[Site "Sunny Beach"]
[Date "2006.09.02"]
[Round "1.32"]
[White "Vasilev, Vasil Ts"]
[Black "Tsifanskaya, Ludmila A"]
[Result "0-1"]
[WhiteElo "1866"]
[BlackElo "2200"]
[PlyCount "52"]
[EventDate "2006.09.02"]
[EventType "swiss"]
[EventRounds "9"]
[EventCountry "BUL"]
[SourceTitle "CBM 114 Extra"]
[Source "ChessBase"]
[SourceDate "2006.11.03"]
[SourceVersion "1"]
[SourceVersionDate "2006.11.03"]
[SourceQuality "1"]

1. d4 Nf6 2. c4 g6 3. Nc3 Bg7 4. e4 d6 5. g3 0-0 6. Bg2 Nc6 7. Nge2 e5 8. d5 Ne7 9. 0-0 Nh5 10. Qd3 f5 11. f4 exf4 12. Nxf4 Nxf4 13. Bxf4 fxe4 14. Bxe4 Bh3 15. Bg2 Bxg2 16. Kxg2 Nf5 17. Rae1 Qd7 18. Re6 a6 19. h4 c5 20. g4 Nd4 21. Rxd6 Qxg4+ 22. Qg3 Qxg3+ 23. Bxg3 Rxf1 24. Kxf1 Nf5 25. Ne4 Nxg3+ 26. Nxg3 Be5 0-1